|
|
|
|
| LEADER |
00950nam a2200277 a 4500 |
| 001 |
13704636 |
| 008 |
110621s2005 nyua b 001 0 eng |
| 010 |
|
|
|a 2004057758
|
| 020 |
|
|
|a 0273688227 (alk. paper)
|
| 020 |
|
|
|a 9780273688228
|
| 040 |
|
|
|a DLC
|c DLC
|d DLC
|d BD-DhAAL
|
| 042 |
|
|
|a pcc
|
| 050 |
0 |
0 |
|a HF5635
|b .M48833 2005
|
| 082 |
0 |
0 |
|a 657
|2 22
|
| 100 |
1 |
|
|a McLaney, E. J.
|
| 245 |
1 |
0 |
|a Accounting :
|b an introduction /
|c Eddie McLaney and Peter Atrill.
|
| 250 |
|
|
|a 3rd ed.
|
| 260 |
|
|
|a New York :
|b Financial Times/Prentice Hall,
|c 2005.
|
| 300 |
|
|
|a xxv, 723 p. :
|b .ill. ;
|c 26 cm.
|
| 504 |
|
|
|a Includes bibliographical references and index.
|
| 541 |
|
|
|e 00015558
|
| 650 |
|
0 |
|a Accounting.
|
| 700 |
1 |
|
|a Atrill, Peter.
|
| 852 |
1 |
|
|a Ayesha Abed Library
|c General Shelf.
|
| 999 |
|
|
|c 11021
|d 11021
|
| 952 |
|
|
|0 0
|1 0
|2 ddc
|4 0
|6 657_MCL
|7 0
|9 17329
|a BRACUL
|b BRACUL
|c GEN
|d 2011-06-30
|l 5
|m 16
|o 657 MCL
|p 3010015558
|r 2025-08-06
|s 2025-07-10
|t 1
|w 2011-06-30
|y BK
|